La felicidad, desesperadamente (Record no. 107308)

MARC details
000 -LEADER
campo de control de longitud fija 01518nac a2200313 a 4500
003 - IDENTIFICADOR DE NÚMERO DE CONTROL
campo de control CO-PeBPM
005 - FECHA Y HORA DE LA ÚLTIMA TRANSACCIÓN
campo de control 20260407200554.0
007 - CAMPO FIJO DE DESCRIPCIÓN FÍSICA--INFORMACIÓN GENERAL
campo de control de longitud fija ta
008 - DATOS DE LONGITUD FIJA--INFORMACIÓN GENERAL
campo de control de longitud fija 260407s2001 ck |||| |||| 00| 0 spa d
020 ## - NÚMERO INTERNACIONAL ESTÁNDAR DEL LIBRO
Número Internacional Estándar del Libro 8449310350
040 ## - FUENTE DE CATALOGACIÓN
Centro catalogador/agencia de origen CO-PeBPM
Lengua de catalogación spa
Centro/agencia transcriptor CO-PeBPM
Normas de descripción rda
041 ## - CÓDIGO DE IDIOMA
Código de lengua del texto/banda sonora o título independiente spa
082 04 - NÚMERO DE LA CLASIFICACIÓN DECIMAL DEWEY
Número de edición 22
Número de clasificación 171.5 C741f
100 1# - ENTRADA PRINCIPAL--NOMBRE DE PERSONA
Nombre de persona Comte-Sponville, André
Término indicativo de función/relación autor
245 10 - MENCIÓN DEL TÍTULO
Título La felicidad, desesperadamente
Mención de responsabilidad, etc. / André Comte-Sponville; traducción Enrique Folch González
264 ## - PRODUCCIÓN, PUBLICACIÓN, DISTRIBUCIÓN, FABRICACIÓN Y COPYRIGHT
Producción, publicación, distribución, fabricación y copyright Barcelona, España
Nombre del de productor, editor, distribuidor, fabricante : Paidós
Fecha de producción, publicación, distribución, fabricación o copyright , c2001
300 ## - DESCRIPCIÓN FÍSICA
Extensión 102 páginas
Dimensiones 21 centimetros
336 ## - TIPO DE CONTENIDO
Fuente rdacontent
Término de tipo de contenido texto
Código de tipo de contenido txt
337 ## - TIPO DE MEDIO
Fuente rdamedia
Nombre/término del tipo de medio sin mediación
Código del tipo de medio n
338 ## - TIPO DE SOPORTE
Fuente rdacarrier
Nombre/término del tipo de soporte volumen
Código del tipo de soporte nc
490 ## - MENCIÓN DE SERIE
Mención de serie Paidós Contextos
Designación de volumen o secuencia 64
500 ## - NOTA GENERAL
Nota general Incluye índiceDona
520 ## - RESUMEN, ETC.
Sumario, etc. " ¡Qué feliz sería si fuese feliz! Estas palabras de Woody Allen quizá dicen lo esencial: que estamos separados de la felicidad por la misma esperanza que la persigue. La sabiduría, al contrario, sería vivir de verás, el lugar de esperar vivir. En esa dirección apuntan las lecciones de Epicuro, de los estoicos, de Spinoza, o, en Oriente, de Buda. Solamente tendremos una felicidad proporcional a la desesperación que seamos capaces de atravesar. La sabiduría es exactamente eso: la felicidad, desesperadamente."
650 17 - PUNTO DE ACCESO ADICIONAL DE MATERIA--TÉRMINO DE MATERIA
Término de materia o nombre geográfico como elemento de entrada Felicidad
Fuente del encabezamiento o término LEMB
650 17 - PUNTO DE ACCESO ADICIONAL DE MATERIA--TÉRMINO DE MATERIA
Término de materia o nombre geográfico como elemento de entrada Desesperación
Fuente del encabezamiento o término LEMB
700 1# - ENTRADA AGREGADA--NOMBRE PERSONAL
Nombre de persona Folch González, Enrique
Término indicativo de función/relación traducción
942 ## - ELEMENTOS DE ENTRADA SECUNDARIOS (KOHA)
Fuente del sistema de clasificación o colocación Clasificación Decimal Dewey
Suprimir en OPAC No
Tipo de ítem Koha Libros
Holdings
Estatus retirado Estado de pérdida Fuente del sistema de clasificación o colocación Estado de daño No para préstamo Colección Biblioteca de origen Biblioteca actual Ubicación en estantería Fecha de adquisición Fuente de adquisición Total de préstamos Signatura topográfica completa Código de barras Visto por última vez Copia número Precio de reemplazo Tipo de ítem Koha
    Clasificación Decimal Dewey     General BIBLIOTECA PÚBLICA MUNICIPAL RAMON CORREA MEJIA BIBLIOTECA PÚBLICA MUNICIPAL RAMON CORREA MEJIA Colección general 26/03/2026 Donación   171.5 C741f 63642 07/04/2026 Ej. 1 07/04/2026 Libros

Powered by Koha